| 000 | 00353nam a2200121Ia 4500 | ||
|---|---|---|---|
| 008 | 191129s9999 xx 000 0 und d | ||
| 020 | _a9780545459372 | ||
| 100 | _aTarshis, Lauren | ||
| 245 |
_cLauren Tarshis _aI survived: _bthe japanese tsunamin, 2011/ |
||
| 260 |
_aNY: _bScholastic Inc. _c2013 |
||
| 300 |
_a83 p. ; _bill. : _c19 cm. |
||
| 650 | _aFiction | ||
| 999 |
_c362810 _d362810 |
||